00844nam a2200229Ia 4500999001700000001000600017003000400023005001700027008004100044020000700085040001300092082002200105100002800127245005600155260004700211501001100258546000700269942001300276952010500289952010400394952011600498 c63228d6322862665OSt20220119122756.0150107s9999 xx 000 0 und d aNA cPK-LaUMT a 346.00264PbCIL- aAnwar Khokhar, Muhammad aCivil law cases[CLC, 2013]cAnwar Khokhar, Muhammad aLahore,Pakistan:bP.L.D. Publishers,c2013 a3 vols aEN cLPJ2ddc 00102ddc4070a01b01d2015-01-07l0o 346.00264P CIL-p84101r2015-01-07 00:00:00w2015-01-07yBK 00102ddc4070a01b01d2015-01-09l0o346.00264P CIL-p84102r2015-01-09 00:00:00w2015-01-09yBK 00102ddc4070a01b01d2015-01-09l1o346.00264P CIL-p84103r2018-03-21 00:00:00s2018-03-19w2015-01-09yBK